000 01194nam a2200301 a 4500
001 000024425
005 20200930023152.0
008 110127s1982 sp a r 000 0 spa d
020 _a8423965058
040 _aDO-SdBNP
_bspa
_cBNPHU
041 1 7 _aspa
_heng
_2Código de idioma MARC
082 _a301.09
_bS638t
100 1 _aSmelser, Neil J.
_d1930-
_950065
240 1 0 _aSocial theory, historical and formal.
_lEspañol.
245 1 0 _aTeoría sociológica :
_banálisis histórico y formal /
_cNeil J. Smelser, R. Stephen Warner ; traducción del inglés por José Luis García Molina.
260 _aMadrid, (España) :
_bEspasa-Calpe,
_c1982.
300 _a335 p. :
_bil. ;
_c22 cm.
490 1 _aEspasa universitaria. Sociología
_v3
500 _aIncluye notas al pie de las páginas
504 _aIncluye referencias bibliográficas (p. 319-325)
534 _aTítulo original:
_tSocial theory, historical and formal.
650 4 _aSociología
_xHistoria
_9414
650 4 _aSociología
_xTeorías
_950066
700 1 _aGarcía Molina, José Luis
_etr.
_950067
700 1 _aWarner, Robert Stephen.
_950068
830 0 _aEspasa universitaria ;
_pSociología
_v3
_950069
049 _aBNGR
999 _c23918
_d23918